Some special programmes of rural development: statistics, 1978-79 (Record no. 488926)

000 -LEADER
fixed length control field 00510cam a22001097a 4500
008 - FIXED-LENGTH DATA ELEMENTS--GENERAL INFORMATION
fixed length control field 180718b1980 xxu||||| |||| 00| 0 eng d
082 ## - DEWEY DECIMAL CLASSIFICATION NUMBER
Classification number B136065x54/In2s
245 ## - TITLE STATEMENT
Title Some special programmes of rural development: statistics, 1978-79
Statement of responsibility, etc. by Ministry of Rural Reconstruction (Adminisrative Intelligence Division)
260 ## - PUBLICATION, DISTRIBUTION, ETC.
Place of publication, distribution, etc. New Delhi
Name of publisher, distributor, etc. Ministry of Rural Reconstruction (Administrative Intelligenc
Date of publication, distribution, etc. 1980
300 ## - PHYSICAL DESCRIPTION
Extent 130+p.
700 ## - ADDED ENTRY--PERSONAL NAME
Personal name India. Ministry of Rural Reconstruction (Administrative Intelligence Division)
Holdings
Withdrawn status Lost status Damaged status Not for loan Permanent Location Current Location Date acquired Full call number Barcode Date last seen Price effective from Koha item type
        Indian Institute of Public Administration Indian Institute of Public Administration 2018-08-04 B136065x54/In2s GG18516 2018-08-04 2018-08-04 GG

Powered by Koha